The complete fix-it-yourself manual for home and apartment owners: (Record no. 6290)
[ view plain ]
| 000 -LEADER | |
|---|---|
| fixed length control field | 00678nam a22001697a 4500 |
| 003 - CONTROL NUMBER IDENTIFIER | |
| control field | GBCCL |
| 005 - DATE AND TIME OF LATEST TRANSACTION | |
| control field | 20241126110600.0 |
| 008 - FIXED-LENGTH DATA ELEMENTS--GENERAL INFORMATION | |
| fixed length control field | 180508b ||||| |||| 00| 0 eng d |
| 040 ## - CATALOGING SOURCE | |
| Transcribing agency | gbc |
| 082 ## - DEWEY DECIMAL CLASSIFICATION NUMBER | |
| Classification number | 643 |
| Item number | COM |
| 245 ## - TITLE STATEMENT | |
| Title | The complete fix-it-yourself manual for home and apartment owners: |
| Remainder of title | In easy-to-follow question-and-answer form; Organized by subject and indexed for easy reference / |
| Statement of responsibility, etc. | By editors of Family Handyman Magazine |
| 250 ## - EDITION STATEMENT | |
| Edition statement | 3rd printing |
| 260 ## - PUBLICATION, DISTRIBUTION, ETC. | |
| Place of publication, distribution, etc. | New York: |
| Name of publisher, distributor, etc. | Universal Publishing and Distributing Corporation, |
| Date of publication, distribution, etc. | 1975 |
| 300 ## - PHYSICAL DESCRIPTION | |
| Extent | 440 p.; |
| Other physical details | ill., |
| Dimensions | 17 cm. |
| 650 ## - SUBJECT ADDED ENTRY--TOPICAL TERM | |
| Topical term or geographic name entry element | Housing and household equipments |
| General subdivision | Handbooks, Manuals, etc. |
| 9 (RLIN) | 11274 |
| 942 ## - ADDED ENTRY ELEMENTS (KOHA) | |
| Source of classification or shelving scheme | Dewey Decimal Classification |
| Koha item type | Books |
| Withdrawn status | Lost status | Source of classification or shelving scheme | Damaged status | Not for loan | Home library | Current Library | Shelving location | Date acquired | Total checkouts | Full call number | Barcode | Date last seen | Copy number | Price effective from | Koha item type |
|---|---|---|---|---|---|---|---|---|---|---|---|---|---|---|---|
| Dewey Decimal Classification | GRACE BIBLE COLLEGE | GRACE BIBLE COLLEGE | General Studies | 2018-05-08 | 643 COM | 009279 | 2025-05-01 | c.1 | 2018-05-08 | Books |